| 000 | 00556nam a2200229 a 4500 | ||
|---|---|---|---|
| 001 | nice12345678 | ||
| 003 | IN_TiNIC | ||
| 005 | 20260116013529.0 | ||
| 008 | 050524s1991 enga grp 000 0 eng | ||
| 020 |
_a _c359.8 |
||
| 082 | 0 | 0 |
_a303.61 _bBON1 |
| 100 | _aBono, Edward De | ||
| 245 |
_aConflicts _b a Better Way to Resolve Them. |
||
| 260 |
_aEngland _bPenguin Book _c1991 |
||
| 300 | _a207p | ||
| 500 | _aincludes index and biblioraphy | ||
| 505 | 2 | _aIndex | |
| 700 | 1 | _aBono, Edward De | |
| 902 | _bSRS | ||
| 942 | _cBK | ||
| 999 |
_c11345 _d11345 |
||